| 000 | 01017 a2200217 4500 | ||
|---|---|---|---|
| 005 | 20080911110548.0 | ||
| 008 | 080911t xxu||||| |||| 00| 0 hin d | ||
| 010 | _aHIN-79609 | ||
| 020 |
_a8181435907 _c125.00 |
||
| 035 | _aHN-51955 | ||
| 037 | _bD.B.Act / pub | ||
| 082 | _a384.5 | ||
| 100 | _aरैना, गौरीशंकर | ||
| 245 |
_aसंचार माध्यम लेखन _cगौऱीशंकर रैणा |
||
| 246 |
_aSanchar madhyamlakhan _bGaurishankar Raina |
||
| 260 |
_aनई दिल्ली _bवाणी प्रकाशन _c2006 |
||
| 270 |
_a21-ए, दरियागंज, _bनई दिल्ली _e110002 |
||
| 300 |
_a119पृ _c22 सेमी (सजिल्द) |
||
| 942 |
_adpl _cHN _k384.5 / रैणागौ _2ddc _h384.5 _mरैणागौ |
||
| 999 |
_c3111 _d3111 |
||